000 00259nam a2200109Ia 4500
008 190907s9999||||xx |||||||||||||| ||und||
100 _aDavid Firth
245 0 _aLife and Work Express
260 _aUSA
_bExpress Exec.com
_c2002
300 _a253
942 _cBK
999 _c6586
_d6586